000 00411nam a2200181Ia 4500
005 20240823062432.0
008 240823s9999||||xx |||||||||||||| ||und||
041 _aENGLISH
082 _A510.212 N2
100 _a"Oliver,Boyd"
245 0 _aClark s Tables
250 _a1st
260 _c1992
_b"Orient,Madras"
500 _aTRANSFERED
650 _aTables
_bMathematics
942 _cBK
999 _c235870
_d235870